Test de Rapidité - Lettre "H" - Statistiques

Statistiques générales
  • Ce quiz a été pris 908 fois
  • Le résultat moyen est 91 sur 100
Statistiques - réponses
Lettre "H" % Correct
H
100%
H
100%
H
99%
H
99%
H
99%
H
99%
H
98%
H
98%
H
97%
H
97%
H
97%
H
97%
H
97%
H
97%
H
97%
H
97%
H
96%
H
96%
H
96%
H
96%
H
96%
H
96%
H
96%
H
95%
H
95%
H
95%
H
95%
H
95%
H
95%
H
94%
H
94%
H
94%
H
94%
H
94%
H
94%
H
94%
H
94%
H
94%
H
94%
H
94%
H
94%
H
94%
H
94%
H
94%
H
93%
H
93%
H
93%
H
93%
H
92%
H
92%
H
92%
H
92%
H
92%
H
92%
H
92%
H
92%
H
92%
H
92%
H
92%
H
92%
H
92%
H
91%
H
91%
H
91%
H
91%
H
91%
H
91%
H
91%
H
91%
H
91%
H
90%
H
90%
H
90%
H
90%
H
89%
H
89%
H
89%
H
88%
H
88%
H
88%
H
88%
H
87%
H
87%
H
86%
H
86%
H
86%
H
85%
H
84%
H
84%
H
83%
H
82%
H
81%
H
81%
H
79%
H
78%
H
77%
H
77%
H
77%
H
75%
H
74%
Aucun quiz correspondant
Distribution des résultats
% des personnes avec chaque résultat
Percentile par nombre de réponses
Votre historique - résultats
Vous n’avez pas pris ce quiz